[Event "Satu Mare Toamna Cup"]
[Site "Satu Mare"]
[Date "2014.09.18"]
[Round "7"]
[White "Levay, Sorin"]
[Black "Sandu, Ionel"]
[Result "1-0"]
[WhiteElo "2327"]
[BlackElo "1951"]
[PlyCount "135"]
[EventDate "2014.09.15"]
[EventType "tourn"]
[EventRounds "9"]
[EventCountry "ROU"]
[EventCategory "2"]
[SourceTitle "EXT 2016"]
[Source "ChessBase"]
[SourceDate "2015.10.08"]
[SourceVersion "1"]
[SourceVersionDate "2015.10.08"]
[SourceQuality "1"]

1. d4 Nf6 2. Nf3 d6 3. g3 c6 4. Bg2 g6 5. 0-0 Bg7 6. c4 0-0 7. Nc3 Bg4 8. h3 Bxf3 9. Bxf3 Nbd7 10. Bg2 Qc7 11. b3 Nh5 12. e3 f5 13. Bb2 e5 14. d5 Ndf6 15. dxc6 bxc6 16. g4 e4 17. gxh5 Nxh5 18. Rb1 Rad8 19. Ne2 d5 20. Bxg7 Qxg7 21. Nd4 Nf6 22. cxd5 Rxd5 23. Qc2 c5 24. Qc4 Qf7 25. Ne2 Rd2 26. Nc3 Qxc4 27. bxc4 Rc2 28. Rfc1 Rxc1+ 29. Rxc1 Rb8 30. Rb1 Rxb1+ 31. Nxb1 Kg7 32. Kf1 Kf7 33. Ke1 Ke6 34. Kd2 Ke5 35. Nc3 a6 36. a4 Ne8 37. Nd5 Nd6 38. Kc3 g5 39. Nc7 a5 40. Bf1 h5 41. Nb5 Ne8 42. Kd2 h4 43. Nc3 Nf6 44. Nd5 Nh5 45. Be2 Ng7 46. Ke1 Ne6 47. Ne7 Nd8 48. Bd1 Ke6 49. Nd5 Nc6 50. Kf1 Ne5 51. Nb6 Nd3 52. f3 exf3 53. Bxf3 Ke5 54. Be2 Nb4 55. Kf2 Nc6 56. Bd1 Nd8 57. Nd7+ Kd6 58. Nf8 Ke7 59. Nh7 Ne6 60. Bh5 Kd6 61. Bf7 Ke7 62. Bxe6 Kxe6 63. Nxg5+ Ke5 64. Nf3+ Ke4 65. Nxh4 Ke5 66. Nxf5 Kxf5 67. Kf3 Ke5 68. h4 1-0

[Event "Satu Mare Toamna Cup"]
[Site "Satu Mare"]
[Date "2014.09.17"]
[Round "5"]
[White "Ambru, Dan Calin"]
[Black "Sandu, Ionel"]
[Result "1/2-1/2"]
[WhiteElo "2032"]
[BlackElo "1951"]
[PlyCount "119"]
[EventDate "2014.09.15"]
[EventType "tourn"]
[EventRounds "9"]
[EventCountry "ROU"]
[EventCategory "2"]
[SourceTitle "EXT 2016"]
[Source "ChessBase"]
[SourceDate "2015.10.08"]
[SourceVersion "1"]
[SourceVersionDate "2015.10.08"]
[SourceQuality "1"]

1. Nf3 Nf6 2. c4 g6 3. g3 Bg7 4. Bg2 d6 5. Nc3 c6 6. 0-0 Na6 7. d3 0-0 8. h3 Bd7 9. e4 Qc8 10. Kh2 Nc7 11. Be3 e5 12. c5 Nfe8 13. cxd6 Nxd6 14. Bc5 Nce8 15. d4 exd4 16. Nxd4 b6 17. Bxd6 Nxd6 18. Nxc6 Bxc6 19. Qxd6 Rd8 20. Qb4 Rd4 21. Qb3 Qb7 22. Rac1 Rd2 23. Rc2 Rad8 24. Nd5 Bxd5 25. exd5 Rxc2 26. Qxc2 Rc8 27. Qd2 Qa6 28. Rc1 Rxc1 29. Qxc1 Bf8 30. Qc7 b5 31. Qc6 Qxc6 32. dxc6 Bd6 33. Bf1 b4 34. Kg2 Kf8 35. Kf3 f5 36. Ke3 Bc5+ 37. Kd3 Ke7 38. Ke2 Kd6 39. Bg2 Bd4 40. b3 Bb6 41. f4 h5 42. Bf3 Kc5 43. Kd3 Bc7 44. Ke3 a5 45. Kd3 h4 46. gxh4 Bxf4 47. h5 gxh5 48. Bxh5 Kxc6 49. Bg6 Kd5 50. Bxf5 Bg3 51. Ke3 Ke5 52. Kf3 Be1 53. Kg4 Kf6 54. Bb1 Kg7 55. h4 Kh6 56. h5 Bc3 57. Bg6 Be1 58. Kf4 Bh4 59. Ke4 Bd8 60. Kd5 1/2-1/2

[Event "Satu Mare Toamna Cup"]
[Site "Satu Mare"]
[Date "2014.09.17"]
[Round "4"]
[White "Sandu, Ionel"]
[Black "Bogdan, Dan"]
[Result "0-1"]
[WhiteElo "1951"]
[BlackElo "2393"]
[PlyCount "78"]
[EventDate "2014.09.15"]
[EventType "tourn"]
[EventRounds "9"]
[EventCountry "ROU"]
[EventCategory "2"]
[SourceTitle "EXT 2016"]
[Source "ChessBase"]
[SourceDate "2015.10.08"]
[SourceVersion "1"]
[SourceVersionDate "2015.10.08"]
[SourceQuality "1"]

1. Na3 g6 2. c3 Bg7 3. d4 d6 4. e4 Nd7 5. Nf3 e5 6. dxe5 dxe5 7. Bc4 Ngf6 8. Ng5 0-0 9. Qb3 Qe7 10. Nb5 Nc5 11. Qa3 b6 12. b4 Ne6 13. Nxe6 Bxe6 14. Bxe6 fxe6 15. Qb3 a6 16. Na3 Nxe4 17. 0-0 Nxc3 18. Qxc3 e4 19. Qg3 Bxa1 20. Bf4 Bd4 21. Bxc7 e5 22. Nc2 Rxf2 23. Rxf2 Bxf2+ 24. Qxf2 Qxc7 25. h3 Rd8 26. Ne3 Rd3 27. Ng4 Qc1+ 28. Kh2 Qf4+ 29. Qxf4 exf4 30. Nf6+ Kg7 31. Nxe4 Ra3 32. Ng5 Kf6 33. Nxh7+ Kf5 34. Nf8 Rxa2 35. Nd7 f3 36. Kg1 f2+ 37. Kf1 Rd2 38. Nf6 Kf4 39. g3+ Kf3 0-1